|
|
|
|
| LEADER |
00755nab a2200181 i 4500 |
| 001 |
misc9155 |
| 005 |
20191106143552.0 |
| 008 |
170607s1913 hu o 0|| hun d |
| 022 |
|
|
|a 0025-0260
|
| 040 |
|
|
|a SZTE Miscellanea Repozitórium
|b hun
|
| 041 |
|
|
|a hun
|
| 100 |
1 |
|
|a Nagy József
|
| 245 |
1 |
0 |
|a Amerikai vélemény a francia középiskolákról
|h [elektronikus dokumentum] /
|c Nagy József
|
| 260 |
|
|
|c 1913
|
| 300 |
|
|
|a 496-499
|
| 490 |
0 |
|
|a Magyar pedagógia : a Magyar Tudományos Akadémia Pedagógiai Bizottságának folyóirata
|v 22
|
| 695 |
|
|
|a Középiskola Franciaország 1913, Neveléstudomány összehasonlító, Franciaország oktatásügye, Középiskolák
|
| 856 |
4 |
0 |
|u http://misc.bibl.u-szeged.hu/9155/1/mp_1913_1933_496-499.pdf
|z Dokumentum-elérés
|